[Event "5th Nebesna Sotnya Rapid 2018"]
[Site "Lutsk"]
[Date "2018.02.17"]
[Round "1"]
[White "Bernadskiy, Vitaliy"]
[Black "Ivanov, Mikhail Y"]
[Result "1-0"]
[WhiteElo "2588"]
[BlackElo "2247"]
[Annotator "TA"]
[PlyCount "55"]
[EventDate "2018.??.??"]
[EventType "swiss"]
[EventCountry "UKR"]
[SourceTitle "playchess.com"]
[Source "ChessBase"]
[SourceQuality "1"]

{[%evp 9,55,1,31,17,29,25,28,16,32,16,19,-11,42,33,67,69,42,34,42,41,46,36,34,-16,37,20,25,29,55,29,129,111,361,84,554,-16,606,554,924,924,1058,1024,3497,3368,29993,29994,29995,29996]} 1. e4 e5 2. Nf3 Nc6 3. Bc4 g6 4. d3 Bg7 5. Nc3 Nf6 {LiveBook: 4 Games} 6. Bg5 {C46: 3 Nc3: Unusual Black 3rd moves} h6 7. Be3 O-O 8. h3 {White has an edge.} d6 9. Qd2 Kh7 10. g4 Na5 (10... Ng8 $11) 11. g5 $14 Nxc4 12. dxc4 hxg5 13. Nxg5+ $146 Kg8 14. O-O-O b6 15. Ne2 Nh5 16. Ng3 Nf4 (16... Nxg3 $11 17. fxg3 Bb7) 17. h4 $1 Qf6 18. Rdg1 Bd7 19. f3 b5 (19... Rab8 $11) 20. cxb5 $1 $16 Bxb5 $2 {[#]} (20... Rfb8 $16 {is a better defense.}) 21. Kb1 $2 (21. h5 $1 $18) 21... a5 $2 {[%mdl 8192]} (21... Rfb8 $16 {is more resistant.}) 22. Qh2 $2 (22. h5 $18) 22... Rab8 $2 {[%mdl 8192] [#]} (22... Rfb8 $11) 23. h5 $1 $18 {[%cal Rh5g6,Bh4h5,Bh5h6,Bh6g7][%mdl 32] Threatens to win with hxg6.} Qxg5 24. Nf5 Qf6 25. h6 Nh5 26. hxg7 {Threatening mate with Qxh5!} Rfe8 {[#]} 27. Qxh5 $1 {[%mdl 512]} gxh5 28. Rxh5 {Precision: White = 54%, Black = 26%.} 1-0

[Event "5th Nebesna Sotnya Rapid 2018"]
[Site "Lutsk"]
[Date "2018.02.17"]
[Round "1"]
[White "Gritsak, Orest"]
[Black "Ileniak, Vasil"]
[Result "1-0"]
[WhiteElo "2469"]
[BlackElo "1745"]
[Annotator "TA"]
[PlyCount "75"]
[EventDate "2018.??.??"]
[EventType "swiss"]
[EventCountry "UKR"]
[SourceTitle "playchess.com"]
[Source "ChessBase"]
[SourceQuality "1"]

{[%evp 16,75,50,70,141,112,103,106,106,106,118,132,118,91,130,104,177,182,170,160,156,164,184,171,170,155,157,155,240,241,228,214,245,244,241,245,236,236,236,231,260,228,256,256,275,278,277,266,292,287,314,286,306,294,318,306,314,306,396,383,782,774]} 1. Nf3 Nf6 2. c4 c5 3. g3 g6 4. Bg2 Bg7 5. d4 cxd4 6. Nxd4 O-O 7. Nc3 Nc6 8. O-O a6 9. c5 {LiveBook: 45 Games} Ne8 {A39: Symmetrical English vs ...g6: 4 Bg2 Bg7 5 Nf3 Nf6 6 0-0 0-0 7 d4} (9... Ng4 $14 10. e3 d6) (9... Qc7 10. Bg5 Qe5 11. Nxc6 dxc6 12. Bxf6 Bxf6 13. Na4 Bg4 14. Re1 Rad8 15. Qb3 Bc8 16. e3 Rd2 17. Rad1 Rfd8 18. Rxd2 Rxd2 {0-1 (63) Ribli,Z (2526)-Ljubojevic,L (2571) Platja d'Aro 2017}) 10. Nxc6 bxc6 11. Bxc6 Rb8 {White is better.} 12. Bg2 Bb7 13. Bxb7 $146 ({Predecessor:} 13. e4 Bc6 14. Qc2 Nc7 15. Be3 Nb5 16. Nd5 e6 17. Nb4 {1-0 (40) Kokje,J (2089)-Gijsen,W (1686) Rotterdam 2016}) 13... Rxb7 14. Qa4 Nc7 {[#]} 15. Rd1 $1 Ne6 (15... d5 $16) 16. c6 $36 {[%mdl 2048] White has strong initiative.} ({Don't take} 16. Qxa6 $6 Nxc5 17. Qc4 d6 $14) 16... Rc7 17. cxd7 {Be3 is the strong threat.} Nc5 18. Qa3 {Strongly threatening Bf4.} Bxc3 19. bxc3 {And now Bh6 would win.} Nxd7 20. Bh6 Re8 21. Qxa6 Qc8 {[#]} (21... Qa8 $16 22. Qxa8 Rxa8) 22. Qxc8 $1 Rexc8 23. a4 {[%cal Ba2a4,Ba4a5][%mdl 32]} Nb8 24. a5 Na6 25. Bd2 f6 26. Rdb1 Kf7 27. Rb6 Rc6 28. f3 h5 29. Kf2 Rd6 30. Rxd6 exd6 {[%mdl 4096] Endgame KRB-KRN} 31. Ke1 Rc6 32. Kd1 d5 33. Be1 Ke6 34. Ra3 g5 35. h3 f5 36. Bf2 Rc8 37. Rb3 Ke5 $2 (37... Kd7 38. Kd2 Nc5) 38. Rb6 {Precision: White = 90%, Black = 20%.} 1-0

[Event "5th Nebesna Sotnya Rapid 2018"]
[Site "Lutsk"]
[Date "2018.02.17"]
[Round "1"]
[White "Bortnyk, Mykola"]
[Black "Rymarchuk, Yuriy"]
[Result "1-0"]
[WhiteElo "2432"]
[BlackElo "1790"]
[Annotator "TA"]
[PlyCount "45"]
[EventDate "2018.??.??"]
[EventType "swiss"]
[EventCountry "UKR"]
[SourceTitle "playchess.com"]
[Source "ChessBase"]
[SourceQuality "1"]

{[%evp 9,45,50,63,55,58,54,62,54,61,41,50,18,280,279,337,297,432,429,418,424,469,460,464,468,456,451,452,458,452,452,444,439,29987,29988,29988,29983,29989,29990]} 1. e4 c5 2. c3 a6 3. d4 cxd4 4. cxd4 b5 5. Nf3 Bb7 6. Bd3 {B22: Sicilian: 2 c3} e6 7. O-O Nf6 8. e5 {White is slightly better.} Nd5 9. Nbd2 {[%cal Bb1d2,Bd2e4,Be4f6][%mdl 32]} Nc6 10. Ne4 f5 $146 {[%mdl 8192] [#]} (10... Qb6 $11) ({Predecessor:} 10... Qb6 11. Be3 f5 12. exf6 gxf6 13. a4 {1-0 (40) Khamatgaleev,A (2400)-Chetverik,M (2315) Presov 2000}) 11. exf6 $1 $18 Nxf6 12. Nxf6+ Qxf6 (12... gxf6 {was necessary.} 13. Ng5 Ke7) 13. Bg5 Qf7 {[#]} 14. d5 $1 {[%mdl 512]} exd5 15. Re1+ Be7 16. Ne5 Nxe5 17. Rxe5 O-O 18. Rxe7 Qxf2+ 19. Kh1 d4 {[%csl Gf2][%cal Rb7g2]} 20. Qg4 {Black must now prevent Rxg7+!} Rae8 {[#]} (20... Rf7 $18 21. Rxf7 Qxf7) 21. Rxg7+ $1 {[%mdl 512] White mates.} Kxg7 22. Be3+ Kh8 23. Bxf2 {Precision: White = 74%, Black = 35%.} 1-0

[Event "5th Nebesna Sotnya Rapid 2018"]
[Site "Lutsk"]
[Date "2018.02.17"]
[Round "1"]
[White "Solovchuk, Oleksiy"]
[Black "Branchuk, Mykola"]
[Result "1-0"]
[WhiteElo "2364"]
[BlackElo "1781"]
[Annotator "TA"]
[PlyCount "103"]
[EventDate "2018.??.??"]
[EventType "swiss"]
[EventCountry "UKR"]
[SourceTitle "playchess.com"]
[Source "ChessBase"]
[SourceQuality "1"]

{[%evp 13,103,29,35,27,23,13,62,67,75,64,91,68,109,72,108,36,58,45,35,24,73,14,12,0,0,0,14,14,23,13,24,0,0,0,14,0,0,0,0,0,26,19,31,0,0,0,0,0,10,3,48,39,39,0,11,13,18,23,27,21,45,39,41,26,26,15,15,15,35,46,47,8,8,8,8,8,8,0,8,0,0,0,0,0,8,8,29989,29990,29991,29988,29992,29993]} 1. c4 Nf6 2. Nf3 g6 3. g3 c6 4. b3 Bg7 5. Bb2 O-O 6. Bg2 e6 7. O-O d5 {LiveBook: 7 Partien} 8. Qc2 {A11: Reti-Eröffnung} (8. d3 b6 9. Nbd2 Bb7 10. e4 c5 11. exd5 exd5 12. d4 Nbd7 13. Rc1 Rc8 14. Re1 cxd4 15. Bxd4 Nc5 16. Ne5 {1-0 (65) Fressinet,L (2717)-Dubov,D (2614) Dubai 2014}) 8... Na6 9. a3 Bd7 $146 ({Vorgänger:} 9... Ne4 10. Bxg7 Kxg7 11. d3 Ng5 12. Nxg5 Qxg5 13. Nd2 f5 14. f4 Qe7 15. b4 Bd7 {1-0 (55) Avalos Parra,J (2156)-Ramirez,M (2010) Antofagasta 2015}) 10. d3 {Weiß steht etwas besser.} Rc8 11. Nbd2 Re8 12. Ne5 Qe7 13. e4 Red8 14. Nxd7 (14. b4 $16) 14... Nxd7 $14 15. Bxg7 Kxg7 16. d4 f6 17. b4 (17. exd5 $16 cxd5 18. Rfe1) 17... dxc4 $1 $11 18. Nxc4 Nb6 19. Rad1 Nxc4 20. Qxc4 Nc7 21. Bh3 Rd6 22. Rfe1 Rcd8 23. e5 Rd5 {Schwarz will ...fxe5 spielen.} 24. Bg2 R5d7 25. a4 f5 26. b5 cxb5 27. axb5 Nd5 28. Qc5 (28. Ra1 {feels hotter.} b6 29. Rec1 Nb4 30. Rd1 Rc7 31. Qb3) 28... b6 29. Qxe7+ Nxe7 30. Ra1 Rc7 31. Ra4 Nd5 32. Rea1 Rdd7 $1 33. R4a3 Nb4 34. Bc6 Nxc6 (34... Rf7 {keeps more tension.} 35. Rc3 g5 36. Kf1 f4 37. Rc4 Nxc6 38. Rac1 fxg3 39. hxg3 Rf3) 35. bxc6 Rxc6 36. Rxa7 Rxa7 37. Rxa7+ {[%mdl 4096] Endspiel KT-KT} Kh6 38. Rd7 b5 39. Rb7 Rc4 40. Rxb5 {Droht Tb6.} Rxd4 41. Rb6 f4 $1 42. Kg2 Kg5 43. Rxe6 {Tf6 ist eine echte Drohung.} fxg3 44. hxg3 {Droht Tf6 und aus.} Kf5 45. Re7 {Mit der Idee f4.} h5 46. f4 {[#] Droht stark Kh3.} Kg4 47. Rg7 Rd2+ 48. Kf1 {Schwarz muss nun Ke1 beachten.} Kf3 {[%cal Rd2d1]} 49. Ke1 h4 $2 {[%mdl 8192] [#]} (49... Rg2 $11) 50. Kxd2 {Weiß setzt Matt.} hxg3 51. Rxg6 Kf2 52. e6 {Precision: Weiß = 44%, Schwarz = 54%.} 1-0

[Event "5th Nebesna Sotnya Rapid 2018"]
[Site "Lutsk"]
[Date "2018.02.17"]
[Round "1"]
[White "Tymkiv, Vasyl"]
[Black "Budnikov, Oleg"]
[Result "0-1"]
[WhiteElo "1797"]
[BlackElo "2422"]
[Annotator "TA"]
[PlyCount "110"]
[EventDate "2018.??.??"]
[EventType "swiss"]
[EventCountry "UKR"]
[SourceTitle "playchess.com"]
[Source "ChessBase"]
[SourceQuality "1"]

{[%evp 9,110,8,27,-102,-67,-94,-51,-105,-85,-116,-106,-91,-48,-43,-37,-32,0,-25,29,34,48,44,47,48,54,6,76,86,33,-6,-17,-20,74,69,83,-50,-43,-29,0,-101,-96,-94,-68,-186,-162,-186,-181,-366,-156,-506,-497,-570,-187,-594,0,-275,0,-520,-46,-76,-16,-18,-29,-23,-19,-55,-58,-314,-325,-332,-328,-312,-310,-311,-287,-1411,-1374,-1444,-1448,-1125,-937,-12841,-12842,-12846,-12847,-12847,-12847,-12850,-12850,-12850,-12851,-12851,-12851,-12851,-12851,-12851,-29980,-12851,-29980,-12851,-29981,-29982,-29982]} 1. a3 g6 2. d4 Bg7 3. b4 d6 4. Bb2 f5 $146 ({Predecessor:} 4... Nf6 5. Nf3 O-O 6. e3 Nbd7 7. c4 e5 8. dxe5 Ng4 9. h3 Ngxe5 10. Nxe5 Nxe5 {0-1 (30) Matozan,Z (1940)-Jovanovic,Z (2560) Babina Greda 2014}) 5. Nd2 Nf6 {[%cal Bg8f6,Bf6g4,Bg4e3][%mdl 32]} 6. f3 {A00: Irregular Openings} (6. e3 $11) 6... O-O 7. e4 fxe4 8. fxe4 (8. Nxe4 $15 a5 9. b5) 8... Ng4 $17 9. Bc4+ Kh8 $1 10. Ndf3 Ne3 11. Qe2 Nxc4 12. Qxc4 Nc6 13. O-O-O e6 (13... a5 $142 $1) 14. h4 $11 d5 15. Qd3 dxe4 16. Qxe4 Qd5 17. Qd3 b5 (17... e5 $11 18. dxe5 Qxd3 19. Rxd3 Bf5) 18. Ne2 $16 a5 (18... Qf5 $16) 19. Nc3 (19. h5 {looks sharper.} axb4 20. hxg6 h6 21. axb4 Kg8 22. Qd2) 19... Qf5 $36 {[%mdl 2048] Black has some pressure.} 20. Qxf5 exf5 (20... gxf5 $11 21. Nxb5 axb4) 21. Nxb5 axb4 22. axb4 (22. Nxc7 $16 Ra5 23. a4 $1 {[%mdl 512]}) 22... Nxb4 $15 23. Nxc7 Rb8 24. c3 (24. Ba3 $11 {keeps the balance.}) 24... Na2+ {[%mdl 1024] Black has strong compensation.} 25. Kc2 f4 {Hoping for ...Bf5+.} 26. Ba3 ({Only move:} 26. Ba1 $1 $15) 26... Bf5+ $19 27. Kd2 {aiming for Ra1.} Rfc8 $1 {[%cal Rc8c7]} 28. Nd5 $2 (28. Ra1 Nxc3 29. Rhc1) 28... Rb3 (28... Be4 $19 {is more deadly.} 29. Nxf4 Rxc3) 29. Bc5 $2 (29. Bd6 $17) 29... Re8 {[%cal Rb3b2]} 30. Ne7 Nxc3 $2 (30... Rb2+ 31. Ke1 Nxc3) 31. Ng5 $2 (31. Nxf5 {is tougher.} Ne4+ 32. Ke1 Ng3+ 33. Kf2 Nxh1+ 34. Kg1) 31... h6 $2 (31... Rxe7 $19 32. Bxe7 Bxd4) 32. Nf7+ $11 Kh7 {[#]} 33. Nxf5 $4 {[%mdl 8192]} (33. Ng5+ $1 $11 {[%mdl 512] and White stays safe.} Kh8 (33... hxg5 34. hxg5+) 34. Nf7+ Kh7 35. Ng5+ $1 {[%mdl 512]} Kh8) 33... Re2+ $2 ({Less strong is} 33... gxf5 34. Kc2 $15) ({Black should play} 33... Ne4+ $1 $19 34. Ke1 gxf5) 34. Kd3 $15 {Black must now prevent Rc1.} gxf5 (34... Reb2 $1 $17 35. Ra1 Nb5+ 36. Ke4 gxf5+ 37. Kxf5 Nxd4+ 38. Bxd4 Bxd4) 35. Rc1 $1 $11 {Threatens to win with Kc4.} Re3+ ({But not} 35... Rxg2 $2 36. Kc4 $18) 36. Kc4 Ne4 37. Rhd1 Rb2 38. d5 $2 {[%mdl 8192] [#]} ({Better is} 38. Nd6 $15) 38... Nd2+ $1 $19 39. Rxd2 Rxd2 40. Bxe3 fxe3 {[%mdl 4096] Endgame KRB-KRN} 41. Re1 f4 42. g3 $2 (42. Nd6) 42... fxg3 43. Rxe3 g2 44. Rg3 Bd4 45. Rxg2 Rxg2 46. Kxd4 {[#] KR-KN} Kg6 $1 47. Ne5+ Kf5 48. Nc4 Rg4+ 49. Kc5 Rxh4 50. Ne3+ Kf6 51. d6 Ke6 52. Kc6 Rd4 (52... h5 $19 53. d7 Rd4) 53. d7 Rd6+ (53... Rxd7 $19 54. Ng2 Rf7) 54. Kc5 Rxd7 55. Ng4 Kf5 {Precision: White = 25%, Black = 44%.} 0-1

[Event "5th Nebesna Sotnya Rapid 2018"]
[Site "Lutsk"]
[Date "2018.02.17"]
[Round "1"]
[White "Movchan, Vladimir"]
[Black "Oleksienko, Mikhailo"]
[Result "1/2-1/2"]
[WhiteElo "1784"]
[BlackElo "2538"]
[Annotator "TA"]
[PlyCount "61"]
[EventDate "2018.??.??"]
[EventType "swiss"]
[EventCountry "UKR"]
[SourceTitle "playchess.com"]
[Source "ChessBase"]
[SourceQuality "1"]

{[%evp 16,61,14,20,11,10,20,0,3,6,10,-35,-38,-33,-15,-34,-33,-12,-15,-27,45,-18,57,50,75,75,76,94,111,102,141,72,87,90,158,48,129,129,120,104,106,0,73,0,93,0,85,0]} 1. d4 Nf6 2. c3 g6 3. Bg5 Bg7 4. e3 O-O 5. Bd3 c5 6. Nd2 d6 7. Ngf3 Nc6 8. O-O h6 {A48: Königsindisch (ohne c2-c4)} (8... b6 9. a3 Bb7 10. b4 Qc7 11. Rc1 e5 12. bxc5 dxc5 13. dxc5 bxc5 14. Bxf6 Bxf6 15. Be4 Rad8 16. Qa4 {½-½ (56) Artemiev,V (2653)-Nepomniachtchi,I (2719) Almaty 2016}) 9. Bh4 {LiveBook: 3 Partien} b6 10. a3 Bb7 {Die Stellung ist ausgeglichen.} 11. Qb3 $146 ({Vorgänger:} 11. b4 Rc8 12. Rc1 Rc7 13. Nb3 cxd4 14. cxd4 Qd7 15. Bxf6 Bxf6 {½-½ (29) Ballmann,M (2345)-Miralles,G (2475) Switzerland 1993}) 11... g5 12. Bg3 Nh5 13. h3 Nxg3 14. fxg3 Qc7 15. Rac1 Rad8 16. g4 e6 17. Bb1 Ne7 (17... d5 $11) 18. Rf2 (18. h4 $14) 18... Qd7 ({Besser ist} 18... d5 $11) 19. Nf1 $14 {[%cal Bd2f1,Bf1g3,Bg3h5][%mdl 32]} Rc8 20. Rd1 Bd5 21. Qc2 {[%csl Gb1][%cal Rc2h7] [#]} f5 22. Ng3 cxd4 23. exd4 (23. Nxd4 $142 {[%cal Rg4f5]} Bxd4 24. Rxd4 (24. exd4 Qb5 $16)) 23... Rf7 24. Nh2 f4 (24... Rcf8 $142) 25. Qh7+ Kf8 26. Nh5 Ng8 {[#] Droht stark ...Lxd4!} 27. Qg6 Ne7 28. Qh7 Ng8 $1 {zielt auf ...Lxd4! ab.} 29. Qg6 Ne7 30. Qh7 Ng8 $1 {Droht ...Lxd4! und aus.} 31. Qg6 {Precision: Weiß = 53%, Schwarz = 56%.} (31. Qd3 $16) 1/2-1/2

[Event "5th Nebesna Sotnya Rapid 2018"]
[Site "Lutsk"]
[Date "2018.02.17"]
[Round "1"]
[White "Bashmakov, Denys"]
[Black "Stupak, Kirill"]
[Result "0-1"]
[WhiteElo "1543"]
[BlackElo "2559"]
[Annotator "TA"]
[PlyCount "66"]
[EventDate "2018.??.??"]
[EventType "swiss"]
[EventCountry "UKR"]
[SourceTitle "playchess.com"]
[Source "ChessBase"]
[SourceQuality "1"]

{[%evp 9,66,0,-2,0,0,0,-5,-3,-1,-22,-27,-25,-27,-216,-214,-227,-248,-235,-197,-227,-244,-242,-186,-254,-267,-279,-225,-302,-294,-321,-318,-305,-219,-280,-244,-371,-374,-377,-357,-604,-607,-965,-546,-581,-581,-1368,-1405,-2215,-1726,-1535,-1086,-1076,-1069,-1004,-986,-29985,-29986,-29988,-29989]} 1. e4 c6 2. Nf3 d5 3. exd5 cxd5 4. d4 Bg4 5. Be2 Nc6 {LiveBook: 5 Games} 6. O-O {B13: Caro-Kann: Exchange Variation and Panov-Botvinnik Attack} (6. c3 e6 7. Qb3 Qc7 8. Bf4 Bd6 9. Bxd6 Qxd6 10. Ne5 Bxe2 11. Qxb7 Nd8 12. Qxa8 Qc7 13. Nc6 Qxc6 14. Qxc6+ Nxc6 15. Kxe2 Nge7 16. Nd2 Kd7 17. b4 Rb8 18. a4 {1-0 (18) Cori Tello,D (2414)-Vishnu,P (2459) Montcada 2014}) 6... e6 7. h3 Bh5 8. c3 {The position is equal.} Bd6 9. Qb3 Qc7 10. Re1 Nge7 11. c4 $146 {[#]} (11. Qd1 $11 {and White is okay.}) ({Predecessor:} 11. Nbd2 O-O 12. Nf1 Rac8 13. Ne3 a6 {0-1 (66) Justinussen,S (1925)-Thomsen,B (2008) Faroe Islands 2013}) 11... Bxf3 $1 $19 12. Bxf3 {[%cal Rc4d5]} Nxd4 13. Qa4+ Qc6 14. Qd1 Nxf3+ 15. Qxf3 dxc4 16. Qg4 (16. Qxc6+ {was called for.} Nxc6 17. Re4) 16... O-O 17. Nc3 Rad8 18. Ne2 Nf5 19. Bg5 f6 20. Bf4 Rfe8 21. Rac1 b5 22. b3 (22. a4 {might work better.}) 22... Ba3 23. Rc2 Qe4 24. Rc3 $2 {[#]} (24. Rd2) 24... Bb4 25. bxc4 bxc4 26. f3 Qb7 27. Rxc4 Bxe1 28. Rc7 Qb6+ 29. Kh2 Re7 30. Rc1 Bd2 31. Bxd2 Rxd2 32. Nf4 Qb8 33. Rc4 Ne3 {Precision: White = 22%, Black = 72%.} 0-1

[Event "5th Nebesna Sotnya Rapid 2018"]
[Site "Lutsk"]
[Date "2018.02.17"]
[Round "2"]
[White "Bogdanovich, Stanislav"]
[Black "Gushpit, Iaroslav"]
[Result "1-0"]
[WhiteElo "2560"]
[BlackElo "2120"]
[Annotator "TA"]
[PlyCount "81"]
[EventDate "2018.??.??"]
[EventType "swiss"]
[EventCountry "UKR"]
[SourceTitle "playchess.com"]
[Source "ChessBase"]
[SourceQuality "1"]

{[%evp 16,81,38,24,51,43,54,48,68,60,54,43,87,86,108,95,99,113,165,157,170,61,78,0,0,0,0,0,0,0,0,0,0,-36,-15,-52,-65,-492,-98,-98,-97,-87,-91,-99,0,0,0,-24,-28,-71,1584,1087,12833,12834,12834,12834,12834,12835,12835,12835,12836,12836,12836,12834,1669,1703,29993,29994]} 1. e4 e6 2. d4 d5 3. Nc3 Bb4 4. e5 c5 5. a3 Bxc3+ 6. bxc3 Qc7 7. Qg4 f5 8. Qh5+ Qf7 9. Qd1 {LiveBook: 19 Games} Ne7 {C18: French: 3 Nc3 Bb4: Main line: 7 h4 and 7 Qg4} 10. h4 {[%cal Bh2h4,Bh4h5][%mdl 32]} (10. Nf3 O-O 11. Be2 Nec6 12. h4 b6 13. Ng5 Qe7 14. Bh5 Bd7 15. Nxh7 cxd4 16. Nxf8 Qxf8 17. cxd4 {1-0 (53) Ganguly,S (2614)-Katalymov,B (2367) New Delhi 2009}) 10... Nbc6 $146 ({Predecessor:} 10... O-O 11. Nh3 Bd7 12. Be2 Rc8 13. Nf4 cxd4 14. cxd4 Ba4 15. Ra2 Nd7 16. Rh3 Rc6 17. Rg3 {1-0 (53) Perez Gonzalez,J (2307)-Lara Lopez,J (2203) Burguillos 2009}) 11. h5 Bd7 {White is slightly better.} 12. Nh3 h6 13. Nf4 O-O-O 14. a4 g5 15. hxg6 $1 Nxg6 16. Nh5 f4 (16... Be8 $16 {is a better defense.}) 17. Ba3 Qf5 18. Bxc5 (18. Qd3 $18) 18... Ngxe5 $1 $14 19. dxe5 (19. Qd2 $16 Nc4 20. Bxc4 (20. Qxf4 Qxc2 21. Rc1 Qxa4 $11) 20... dxc4 21. Qxf4 (21. Nxf4 b6 $11) 21... Qxc2 22. O-O) 19... Qxe5+ $11 20. Kd2 d4 $1 {[%cal Rd4c3]} 21. Bxd4 Nxd4 22. cxd4 Qxd4+ 23. Bd3 $1 ({Don't go for} 23. Ke1 $2 Qc3+ 24. Qd2 Qxa1+ $19) 23... e5 {Threatens to win with ...e4.} 24. Re1 Bf5 ({And not} 24... Bxa4 25. Qe2 $16) 25. Ra3 e4 26. Nxf4 $2 {[%mdl 8192]} ({Only move:} 26. Qa1 $1 $15 exd3 27. Qxd4 Rxd4 28. cxd3) 26... exd3 $2 (26... Qxf2+ $19 {is more deadly.} 27. Qe2 Qxf4+ 28. Qe3 Qxe3+ 29. Rxe3 exd3 30. cxd3 Rd5) 27. Nxd3 $17 Bxd3 28. Rxd3 Qxf2+ 29. Qe2 Rxd3+ ({Better is} 29... Qf4+ $1 $17 30. Qe3 Qb4+ 31. Kc1 Rxd3 32. cxd3 Rd8) 30. cxd3 {[%mdl 4096] Endgame KQR-KQR} Qf4+ 31. Kc3 Qxa4 {aiming for ...Rd8.} 32. Qe5 Rd8 $2 {[%mdl 8192] [#]} (32... Qa3+ $17 33. Kd2 Qb4+ 34. Ke2 Qg4+ 35. Kd2 Qg5+ 36. Qxg5 hxg5) 33. Rc1 $1 $18 b6 34. Kb2+ Kb7 35. Qc7+ Ka6 {[#]} 36. Ra1 $1 {[%cal Ra1a4]} ({Not} 36. Qxd8 Qb5+ 37. Ka3 Qa5+ 38. Kb2 Qb5+ 39. Kc2 Qc5+ 40. Kb2 Qb4+ 41. Kc2 Qc5+ 42. Kb1 Qb4+ 43. Ka1 Qa3+ 44. Kb1 Qb3+ 45. Ka1 Qa3+ 46. Kb1 Qb3+ 47. Ka1 Qa3+ $11) 36... Qxa1+ 37. Kxa1 Rd4 38. Kb2 h5 39. Kc3 Rg4 40. d4 Rg3+ 41. Qxg3 {Precision: White = 57%, Black = 30%.} 1-0

[Event "5th Nebesna Sotnya Rapid 2018"]
[Site "Lutsk"]
[Date "2018.02.17"]
[Round "2"]
[White "Stupak, Kirill"]
[Black "Kyrychenko, Maryan"]
[Result "1-0"]
[WhiteElo "2559"]
[BlackElo "2270"]
[Annotator "TA"]
[PlyCount "30"]
[EventDate "2018.??.??"]
[EventType "swiss"]
[EventCountry "UKR"]
[SourceTitle "playchess.com"]
[Source "ChessBase"]
[SourceQuality "1"]

{[%evp 13,30,21,62,38,58,0,6,16,129,37,110,108,105,124,110,57,197,163,478]} 1. d4 Nf6 2. g3 d6 3. Nf3 Bf5 4. c4 e6 5. Nc3 c6 6. Bg2 {A53: Old Indian Defence without Nf3} h6 7. O-O Nbd7 {LiveBook: 7 Games} 8. Qb3 $146 {White is slightly better.} ({Find the theoretical novelty and annotate with similar games:} 8. d5 cxd5 9. cxd5 e5 10. Nh4 Bh7 11. e4 Be7 12. Qe2 a6 13. Bh3 {1-0 (39) Viterbo Ferreira,J (2447)-Larino Nieto,D (2463) Oeiras 2015}) 8... Qb6 9. Re1 (9. d5 $14) 9... Qxb3 10. axb3 Ne4 (10... d5 $11 {keeps the balance.}) 11. b4 (11. d5 $16) 11... g5 (11... d5 $14) 12. Nd2 $16 Nxd2 13. Bxd2 Bg7 14. e3 (14. d5 $16) 14... e5 (14... O-O $14) 15. e4 O-O $2 {Precision: White = 26%, Black =  7%.} (15... Bg6 {is tougher.}) 1-0

[Event "5th Nebesna Sotnya Rapid 2018"]
[Site "Lutsk"]
[Date "2018.02.17"]
[Round "2"]
[White "Vetoshko, Volodymyr"]
[Black "Testeshnikov, Nikita"]
[Result "1-0"]
[WhiteElo "2520"]
[BlackElo "1824"]
[Annotator "TA"]
[PlyCount "81"]
[EventDate "2018.??.??"]
[EventType "swiss"]
[EventCountry "UKR"]
[SourceTitle "playchess.com"]
[Source "ChessBase"]
[SourceQuality "1"]

{[%evp 12,81,31,35,69,27,29,11,35,49,78,64,68,68,89,87,104,101,84,40,32,-29,-46,-60,33,-12,-20,-12,-20,-31,0,0,0,0,0,0,25,30,58,58,58,53,142,139,131,109,136,58,492,492,1452,1467,1466,1478,1439,1440,1390,1313,1108,1140,1059,1063,1909,1909,1666,1621,1470,1088,1109,912,29984,29985]} 1. e4 d5 2. exd5 Nf6 3. Bb5+ Bd7 4. Be2 Nxd5 5. d4 e6 6. Nf3 c5 {B01: Scandinavian Defence} 7. c4 {LiveBook: 11 Games} (7. O-O cxd4 8. Nxd4 Be7 9. Nf5 O-O 10. Nxe7+ Qxe7 11. c4 Nf6 12. Nc3 h6 13. Bf4 e5 14. Be3 {1-0 (51) Kosteniuk,A (2552)-Karagyozian,E (2225) Paris 2017}) 7... Nb6 8. d5 exd5 {White has an edge.} 9. cxd5 Be7 $146 ({Find the theoretical novelty and annotate with similar games:} 9... Bd6 10. O-O O-O 11. Nc3 Na6 12. Ng5 h6 13. Nge4 Bf5 14. Nxd6 Qxd6 15. Bxa6 bxa6 {1-0 (57) Kislinsky,A (2331)-Khaskelman,E (2152) Kiev 2000}) 10. Nc3 Bf6 11. O-O O-O 12. a4 $1 {[%cal Ba2a4,Ba4a5][%mdl 32]} Bg4 13. a5 Nc8 14. Be3 Nd7 15. Ne4 Re8 16. Qa4 (16. Nxf6+ $14 Qxf6 17. Bb5) 16... Bxb2 17. Rab1 Bf5 ({Black should play} 17... Bd4 $1 $15 18. Ng3 (18. Nxd4 Rxe4 19. Bxg4 Rxg4 $17) 18... Bxf3 19. gxf3 Nd6 20. Bxd4 cxd4) 18. Rxb2 (18. Nfg5 {NOTEXT} Be5 19. Rxb7 Rb8 20. Rxb8 Bxb8 21. Bb5) 18... Rxe4 19. Qa3 Nd6 20. Bd3 Rb4 (20... Rxe3 {NOTEXT} 21. fxe3 Bxd3 22. Qxd3 c4 23. Qc3 Rc8) 21. Bxf5 Nxf5 22. Rxb4 cxb4 23. Qxb4 Nf6 24. Qxb7 Nxe3 25. fxe3 Qxd5 26. a6 Qd8 (26... Qe4 $14) 27. Nd4 Qe8 {[#]} 28. Nf5 $1 h6 {[#]} 29. Kh1 ({Better is} 29. Qf3 $1 $16) 29... Ng4 $2 {[%mdl 8192]} (29... Kh7 $14) 30. Nd6 $1 $18 {[%csl LRe8,LRf7]} Qd8 (30... Nf2+ $142 31. Kg1 Nh3+ 32. gxh3 Qxe3+ 33. Kh1 Rd8 34. Qxf7+ Kh7 35. Qf5+ Kg8) 31. Rxf7 Nf2+ 32. Rxf2 Rb8 33. Qd5+ Kh7 34. Qe4+ Kg8 35. Qe6+ Kh7 36. h3 Rb6 37. Qe4+ Kg8 38. Qc4+ Kh7 39. Qc2+ Kg8 40. Nf5 Rxa6 41. Qc4+ {Precision: White = 54%, Black = 27%.} 1-0